000 00714nam a2200205Ii 4500
003 JO-AjNU
008 230605s9999||||xx |||||||||||||| ||und||
040 _aJO-AjNU
_bara
_erda
_cJO-AjNU
041 _aara
050 1 4 _aTC805.S43 2000
100 3 _aالفتياني، فاروق عبدالله واخرون,
_eauthor
_951373
245 0 0 _aشبكات الري والصرف : التخطيط والتصميم الهندسي
250 _aط1
264 3 1 _aبيروت:دار الراتب الجامعية،2000
300 _a272ص
336 _atext
_btxt
_2rdacontent
337 _aunmediated
_bn
_2rdamedia
338 _avolume
_bnc
_2rdacarrier
650 4 _aهندسة الري-هندسة زراعية
_951374
999 _aA22687
_c26255
_d26255